Platonis opera / (Record no. 203)
[ view plain ]
| 000 -LEADER | |
|---|---|
| fixed length control field | 01198cam a2200289 a 4500 |
| 001 - CONTROL NUMBER | |
| control field | 1577345 |
| 005 - DATE AND TIME OF LATEST TRANSACTION | |
| control field | 20200421093822.0 |
| 008 - FIXED-LENGTH DATA ELEMENTS--GENERAL INFORMATION | |
| fixed length control field | 930317m19959999enk 000 0 grc |
| 010 ## - LIBRARY OF CONGRESS CONTROL NUMBER | |
| LC control number | 93003754 |
| 020 ## - INTERNATIONAL STANDARD BOOK NUMBER | |
| International Standard Book Number | 0198145691 (v. 1) |
| 040 ## - CATALOGING SOURCE | |
| Original cataloging agency | DLC |
| Transcribing agency | DLC |
| Modifying agency | DLC |
| 050 00 - LIBRARY OF CONGRESS CALL NUMBER | |
| Classification number | PA4279 |
| Item number | .A2 1993 |
| 082 00 - DEWEY DECIMAL CLASSIFICATION NUMBER | |
| Classification number | 184 |
| Edition information | 20 |
| 100 0# - MAIN ENTRY--PERSONAL NAME | |
| Personal name | Plato. |
| 240 10 - UNIFORM TITLE | |
| Uniform title | Works. |
| Date of a work | 1995 |
| 245 10 - TITLE STATEMENT | |
| Title | Platonis opera / |
| Statement of responsibility, etc. | recognoverunt brevique adnotatione critica instruxerunt E.A. Duke ... [et al.]. |
| 260 ## - PUBLICATION, DISTRIBUTION, ETC. | |
| Place of publication, distribution, etc. | Oxonii : |
| Name of publisher, distributor, etc. | E. Typographeo Clarendoniano ; |
| Place of publication, distribution, etc. | New York : |
| Name of publisher, distributor, etc. | Oxford University Press, |
| Date of publication, distribution, etc. | 1995- |
| 300 ## - PHYSICAL DESCRIPTION | |
| Extent | v. <1 > ; |
| Dimensions | 20 cm. |
| 440 #0 - SERIES STATEMENT/ADDED ENTRY--TITLE | |
| Title | Scriptorum classicorum bibliotheca Oxoniensis |
| 9 (RLIN) | 381 |
| 500 ## - GENERAL NOTE | |
| General note | Text in Greek; pref. in Latin. |
| 505 1# - FORMATTED CONTENTS NOTE | |
| Formatted contents note | t. 1. Tetralogia I-II continens: Euthyphro, Apologia, Crito, Phaedo, Cratylus, Theaetetus, Sophista, Politicus. |
| 700 1# - ADDED ENTRY--PERSONAL NAME | |
| Personal name | Duke, E. A. |
| 9 (RLIN) | 385 |
| 856 42 - ELECTRONIC LOCATION AND ACCESS | |
| Materials specified | Publisher description |
| Uniform Resource Identifier | <a href="http://www.loc.gov/catdir/enhancements/fy0603/93003754-d.html">http://www.loc.gov/catdir/enhancements/fy0603/93003754-d.html</a> |
| 906 ## - LOCAL DATA ELEMENT F, LDF (RLIN) | |
| a | 7 |
| b | cbc |
| c | orignew |
| d | 1 |
| e | ocip |
| f | 19 |
| g | y-gencatlg |
| 942 ## - ADDED ENTRY ELEMENTS (KOHA) | |
| Source of classification or shelving scheme | Dewey Decimal Classification |
| Koha item type | Books |
| Withdrawn status | Lost status | Damaged status | Not for loan | Collection | Home library | Current library | Shelving location | Date acquired | Barcode | Date last seen | Price effective from | Koha item type |
|---|---|---|---|---|---|---|---|---|---|---|---|---|
| Reference | Centerville | Centerville | General stacks | 09/04/2014 | 39999000008579 | 09/04/2014 | 09/04/2014 | Books | ||||
| Reference | Midway | Midway | General stacks | 09/04/2014 | 39999000008593 | 09/04/2014 | 09/04/2014 | Books | ||||
| Reference | Midway | Midway | General stacks | 09/04/2014 | 39999000008616 | 09/04/2014 | 09/04/2014 | Books |